Sacha Sukh: Amulaya Dhrohar Anupum Uphar (Record no. 5220)
[ view plain ]
| 000 -LEADER | |
|---|---|
| fixed length control field | 00384nam a2200157Ia 4500 |
| 003 - CONTROL NUMBER IDENTIFIER | |
| control field | OSt |
| 008 - FIXED-LENGTH DATA ELEMENTS--GENERAL INFORMATION | |
| fixed length control field | 191201s2019 xx 000 0 und d |
| 082 ## - DEWEY DECIMAL CLASSIFICATION NUMBER | |
| Classification number | 294.544 |
| Item number | CHS |
| 100 ## - MAIN ENTRY--PERSONAL NAME | |
| Personal name | CHAUDHARY, Birbal Singh |
| 245 #0 - TITLE STATEMENT | |
| Title | Sacha Sukh: Amulaya Dhrohar Anupum Uphar |
| 250 ## - EDITION STATEMENT | |
| Edition statement | 1st |
| 260 ## - PUBLICATION, DISTRIBUTION, ETC. (IMPRINT) | |
| Place of publication, distribution, etc | Kaithal |
| Name of publisher, distributor, etc | Sadmarg Printers |
| 300 ## - PHYSICAL DESCRIPTION | |
| Extent | 96 |
| 650 ## - SUBJECT ADDED ENTRY--TOPICAL TERM | |
| Topical term or geographic name as entry element | General Books |
| 942 ## - ADDED ENTRY ELEMENTS (KOHA) | |
| Source of classification or shelving scheme | Dewey Decimal Classification |
| Koha item type | Text Books |
| Withdrawn status | Lost status | Source of classification or shelving scheme | Damaged status | Not for loan | Collection code | Home library | Current library | Date acquired | Cost, normal purchase price | Bill Number | Total Checkouts | Full call number | Acc. no. / Barcode | Date last seen | Bill Date | Koha item type | Checked out | Date last borrowed | Public note |
|---|---|---|---|---|---|---|---|---|---|---|---|---|---|---|---|---|---|---|---|
| Dewey Decimal Classification | GENERAL | PIET C-LIBRARY | PIET C-LIBRARY | 06/04/2012 | 100.00 | 902 | 294.544 CHS | 19212 | 04/12/2019 | 02/04/2012 | Text Books | ||||||||
| Dewey Decimal Classification | GENERAL | PIET C-LIBRARY | PIET C-LIBRARY | 06/04/2012 | 100.00 | 902 | 294.544 CHS | 19213 | 04/12/2019 | 02/04/2012 | Text Books | ||||||||
| Dewey Decimal Classification | GENERAL | PIET C-LIBRARY | PIET C-LIBRARY | 06/04/2012 | 100.00 | 902 | 294.544 CHS | 19214 | 04/12/2019 | 02/04/2012 | Text Books | ||||||||
| Dewey Decimal Classification | GENERAL | PIET C-LIBRARY | PIET C-LIBRARY | 06/04/2012 | 100.00 | 902 | 294.544 CHS | 19215 | 04/12/2019 | 02/04/2012 | Text Books | ||||||||
| Dewey Decimal Classification | GENERAL | PIET C-LIBRARY | PIET C-LIBRARY | 06/04/2012 | 100.00 | 902 | 1 | 294.544 CHS | 19216 | 19/05/2025 | 02/04/2012 | Text Books | 05/12/2025 | 19/05/2025 | History and Culture |